000 01213nmc a2200421 a 4500
003 AR-BaBNM
005 20251128210857.0
008 081020s1997 ||||||||||||||000 | spa||
020 _a950-506-315-6
040 _cAR-BaBNM
100 1 _aMorandi, Franc
245 1 0 _aModelos y métodos en pedagogía
260 _aBuenos Aires
_bEdicial
_c1997
300 _a138 p.
_bdiagr.
490 0 _aReferencias pedagógicas
500 _aContiene referencias bibliográficas, índice de fichas temáticas e índice de autores citados
600 1 4 _aComenius, Johann Amos
_d1592-1670
600 1 4 _aMontaigne, Michel de
_d1533-1592
600 1 4 _aHerbart, Johann Friedrich
600 1 4 _aDewey, John
600 1 4 _aDecroly, Ovide
600 1 4 _aMontessori, María
600 1 4 _aFreinet, Celestin
650 4 _aPEDAGOGIA
650 4 _aDIDACTICA
650 4 _aMETODOS DE ENSENANZA
650 4 _aMETODO GLOBAL
650 4 _aEPISTEMOLOGIA
653 _aMODELOS EDUCATIVOS
653 _aESCUELA NUEVA
653 _aEXPERIENCIAS EDUCATIVAS
653 _aENSENANZA TRADICIONAL
653 _aMETODO DECROLY
653 _aMETODO MONTESSORI
653 _aPEDAGOGOS
942 _cBK
998 _cRAQUEL
999 _c17270
_d17270